La Formación profesional y el empleo de los jóvenes en américa Latina
Reseña de cuatro eventos que se realizaron durante los meses de abril y mayo de 1988. Estos fueron: a- Formación y trabajo: haciendo camino, b-Juventud, empleo y desarrollo en América del Sur, c- Juventud y políticas de empleo en Uruguay y d- Jornadas: "Los ayuntamientos y el empleo juvenil. A...
Shranjeno v:
| Format: | Texto |
|---|---|
| Teme: | |
| Oznake: |
Označite
Brez oznak, prvi označite!
|
MARC
| LEADER | 00000 a a2200000 04500 | ||
|---|---|---|---|
| 001 | 6927 | ||
| 003 | |||
| 040 | |||
| 245 | |a La Formación profesional y el empleo de los jóvenes en américa Latina | ||
| 520 | |a Reseña de cuatro eventos que se realizaron durante los meses de abril y mayo de 1988. Estos fueron: a- Formación y trabajo: haciendo camino, b-Juventud, empleo y desarrollo en América del Sur, c- Juventud y políticas de empleo en Uruguay y d- Jornadas: "Los ayuntamientos y el empleo juvenil. A manera de síntesis, se relevan los elementos comunes de estos eventos y se adjuntan la lista de estudios y documentos considerados. MB/EL | ||
| 650 | |a JUVENTUD | ||
| 650 | |a EMPLEO | ||
| 650 | |a FORMACION PROFESIONAL | ||
| 650 | |a POLITICA DE EMPLEO | ||
| 650 | |a DESEMPLEO JUVENIL | ||
| 650 | |a DESEMPLEO ENCUBIERTO | ||
| 650 | |a TRABAJADORES JOVENES | ||
| 773 | |g número 12; páginas 14-17 | ||
| 999 | |c 35464 |d 35464 | ||
